000 00498nam a22001577a 4500
005 20251108170941.0
008 250721s1996 xx 000 0 ara d
082 1 4 _a657/ولي
100 1 _aالحيالي، وليد ناجي
245 1 0 _aالمحاسبة المتوسطة :
_bمشاكل القياس و الإفصاح المحاسبي /
264 1 _aالكويت :
_bمكتبة الفلاح،
_c1996.
300 _a473ص
650 1 7 _aالمحاسبة
942 _2ddc
_cBK
999 _c52853
_d52853